| 000 | 02291nac a2200325 a 4500 | ||
|---|---|---|---|
| 003 | Co-PeBPM | ||
| 005 | 20240925193519.0 | ||
| 007 | ta | ||
| 008 | 240925s1995 ck |||| |||| 00| 0 spa d | ||
| 020 | _a9589337066 | ||
| 040 |
_aCo-PeBPM _bspa _cCo-PeBPM _erda |
||
| 041 | _aspa | ||
| 082 | 0 | 4 |
_a070.41 A958n _222 |
| 100 | 1 | 0 |
_aÁvila, Fernando _eautor |
| 245 | 1 | 0 |
_aNoticia Introducción a la redacción periodística _b: Crónica-Reportaje-Periodismo investigativo-Opinión _c/ Fernando Ávila; colaborador Álvaro Gómez Hurtado |
| 250 | _aPrimera edición | ||
| 260 |
_a[s.l.] _b: Editorial Hojas e Ideas, _c1995 |
||
| 300 |
_a193 páginas _c20,5 centímetros |
||
| 500 | _aIncluye índice al final del texto | ||
| 504 | _aIncluye Bibliografía | ||
| 520 | _aLa obra Noticia, de Fernando Ávila, es el fruto de sus investigaciones y experiencias de más de veinte años Resumen: como catedrático, investigador, colaborador y asesor de importantes medios de prensa y agencias de publicidad en Colombia y en el exterior. Ávila culminó estudios en Filosofía y Letras, es publicista y periodista especializado en la Facultad de Ciencias de la Información de la Universidad de Navarra. Después de quince años dedicado a la docencia en las principales facultades de Comunicación Social y Publicidad del país, en la actualidad se dedica a la capacitación empresarial en el área de la expresión escrita y desde 1993 es asesor y columnista del diario El Tiempo. Noticia, de Álvaro Gómez Hurtado, es un completo manual de técnicas periodísticas básicas escrito para comunicadores de todos los medios. Fue publicado hace varios por el diario El Siglo y, a pesar de no haber circulado en librerías, es texto de consulta de los principales periodistas colombianos. Esta obra está dirigida a comunicadores, estudiantes, publicistas, empresarios y, en general, a quienes tienen interés en el fenómeno del periodismo moderno. | ||
| 650 | 1 | 4 |
_aPeriodismo - enseñanza _2LEMB |
| 650 | 1 | 4 |
_aPeriodismo Investigativo _2LEEMB |
| 650 | 1 | 4 |
_a Crónicas periodísticas _2LEMB |
| 650 | 1 | 4 |
_a Reportaje _2LEMB |
| 650 | 1 | 4 |
_aOpinión _2LEMB |
| 700 |
_aGómez Hurtado, Álvaro _ecolaborador |
||
| 942 |
_2ddc _cBK _n0 |
||
| 999 |
_c59986 _d59986 |
||